000 01241nam a2200337 a 4500
001 dia_5796
003 CHAP
005 20240126122239.0
007 ta
008 220117s1990 mx a f 001 0 spa d
040 _cCHAP
_amxchpua
090 _aT.C.108
_bS57 SAI
_c1990
245 1 0 _aSistema agroindustrial cereales :
_ccolaborador Francisco Martínez Mosqueda...[et al.]
_binforme del viaje de estudios a Monterrey, N. L. /
260 _aMéxico :
_bEl autor,
_c1990
300 _acerca 100 hojas :
_bilustraciones, tablas, diagramas
336 _2rdacontent
_atexto
_btxt
337 _2rdamedia
_asin medio
_bn
338 _2rdacarrier
_avolumen
_bnc
500 _aGrado : 6° año Grupo : B
502 _aViaje de estudios
_b(SAI) --
_cUACh. Departamento de Ingeniería Agroindustrial,
_d1990
505 _aEmpresas visitadas: 1.Gamesa -- 2. ICONSA
650 1 3 _aIndustria molinera
_9158985
_zMéxico
_zNuevo León
650 1 3 _aMilling industry
_9158986
_zMexico
_zNuevo León
700 1 _aMartínez Mosqueda, Francisco
_9148600
_ecolaborador
901 _aT.C.108 S57 SAI 1990
902 _aA
905 _a5332271990 mx in 8223223322spa16
942 _2local
942 _cVE
999 _c176881
_d176881